| 000 | 00825cam a22002655a 4500 | ||
|---|---|---|---|
| 001 | 015548787 | ||
| 003 | OSt | ||
| 005 | 20151015100814.0 | ||
| 008 | 110307s2010 enka frb 001 0 eng d | ||
| 020 | _a9780853698661 (pbk.) | ||
| 040 |
_aIiNdDKA _beng _cIiNdDKA _dEG-ScBUE |
||
| 082 | 0 | 4 |
_a616.07575 _bNUC _222 |
| 245 | 0 | 0 |
_aNuclear pharmacy : _bconcepts and applications / _cedited by Blaine Templar Smith. |
| 260 |
_aLondon : _bPharmaceutical Press, _c2010. |
||
| 300 |
_aviii, 292 p. : _bill. ; _c24 cm. |
||
| 500 | _aIndex : p. 273-292. | ||
| 504 | _aIncludes bibliographical references. | ||
| 650 | 0 |
_aRadiopharmaceuticals. _2BUEsh |
|
| 650 | 0 |
_aNuclear medicine. _2BUEsh |
|
| 651 | _2BUEsh | ||
| 653 |
_bPPhrm _cOctober2015 |
||
| 655 |
_vReading book _934232 |
||
| 700 | 1 |
_aSmith, Blaine T., _eeditor. |
|
| 942 | _2ddc | ||
| 999 |
_c20913 _d20885 |
||